Score 0/28 Timer 05:00
0 Plays Today
% Correct
Mount Everest
94.6%
Mount Fuji
94.5%
K2
89.1%
Kilimanjaro
87.5%
Mont Blanc
86%
Matterhorn
85.7%
Denali
83.9%
Pikes Peak
82%
Aconcagua
80.4%
Mount Ararat
78.2%
Mount Rainier
78%
Annapurna
76.4%
Kangchenjunga
76.4%
Jengish Chokusu
74.5%
% Correct
Galdhøpiggen
74%
Mount Whitney
72%
Grand Teton
70%
Chimborazo
68%
Mount Cook
68%
Vinson Massif
66.1%
Eiger
58%
Monte Rosa
56%
Mount Kosciuszko
55.4%
Mount Stanley
54%
Pico de Orizaba
50%
Toubkhal
44%
Mount Roraima
36%
Fitz Roy
34%
Come Together.
Have Fun.
All Virtual.
We all need to come together. Play Sporcle's virtual live trivia to have fun, connect with people, and get your trivia on. Join a live hosted trivia game for your favorite pub trivia experience done virtually. If a virtual private party is more your thing, go here for details.

You're not logged in!

Compare scores with friends on all Sporcle quizzes.
OR
Log In

Sporcle TV

Today on Sporcle TV


Watch our educational content, quiz creation guides, and fun videos on Sporcle TV.

Show Comments

Extras

Top Quizzes Today


Score Distribution

Paid Content

Your Account Isn't Verified!

In order to create a playlist on Sporcle, you need to verify the email address you used during registration. Go to your Sporcle Settings to finish the process.

Report this User

Report this user for behavior that violates our Community Guidelines.

Details: